[Event "NB2 Szechenyi csoport"]
[Site "Szombathely"]
[Date "2024.12.15"]
[Round "4.6"]
[White "Olah, Jozsef"]
[Black "Bodorkos, Ferenc"]
[Result "1-0"]
[WhiteElo "1822"]
[BlackElo "1740"]
[PlyCount "113"]
[GameId "2123407385205859"]
[EventDate "2024.11.03"]
[EventType "team-tourn"]
[EventRounds "11"]
[EventCountry "HUN"]
[Source "chess.hu"]
[WhiteTeam "Haladas VSE"]
[BlackTeam "Arboretum Hereny SE"]
[WhiteTeamCountry "HUN"]
[BlackTeamCountry "HUN"]

1. d4 d5 2. Bf4 Nf6 3. Nf3 g6 4. e3 a6 5. Nbd2 Bg7 6. Ne5 Nbd7 7. c3 c6 8. Bd3 Nh5 9. Nxd7 Nxf4 10. exf4 Bxd7 11. Qc2 e6 12. Nf3 O-O 13. h4 Qc7 14. Ne5 Bxe5 15. fxe5 c5 16. dxc5 Qxe5+ 17. Be2 Bc6 18. h5 Rad8 19. hxg6 fxg6 20. Kf1 Rf7 21. Re1 Qg5 22. Qc1 Qxc1 23. Rxc1 e5 24. Bg4 Rf6 25. Re1 e4 26. Ke2 Kg7 27. Ke3 Rdf8 28. Ref1 h5 29. Be2 Rf5 30. g4 hxg4 31. Bxg4 R5f6 32. Rh2 Rh8 33. Rg2 Rh6 34. Rfg1 Be8 35. Kd4 Bc6 36. b4 Kf7 37. Bc8 Rh8 38. Bg4 Rd8 39. Rh2 Rg8 40. Rgh1 Rf4 41. Rg1 Rg7 42. Ke5 Rf6 43. Rg3 Ke7 44. Rgh3 Rf8 45. Be6 Rf6 46. Bg4 Rff7 47. Rh8 Rf8 48. Rxf8 Kxf8 49. Rh8+ Ke7 50. Rc8 Bd7 51. Rc7 Kd8 52. Rxd7+ Rxd7 53. Bxd7 Kxd7 54. Kxd5 e3 55. fxe3 Ke7 56. Ke5 Kf7 57. a4 1-0

[Event "NB2 Szechenyi csoport"]
[Site "Szombathely"]
[Date "2024.12.15"]
[Round "4.7"]
[White "Szalay, Istvan"]
[Black "Pergel, Bence"]
[Result "1/2-1/2"]
[WhiteElo "1649"]
[BlackElo "1667"]
[PlyCount "35"]
[GameId "2123407424867443"]
[EventDate "2024.11.03"]
[EventType "team-tourn"]
[EventRounds "11"]
[EventCountry "HUN"]
[Source "chess.hu"]
[WhiteTeam "Arboretum Hereny SE"]
[BlackTeam "Haladas VSE"]
[WhiteTeamCountry "HUN"]
[BlackTeamCountry "HUN"]

1. e4 e5 2. Nf3 Nc6 3. d4 exd4 4. Nxd4 Nf6 5. Nxc6 bxc6 6. Nc3 Bb4 7. Bd3 d5 8. Bd2 O-O 9. O-O Bxc3 10. Bxc3 Nxe4 11. Bxe4 dxe4 12. Qxd8 Rxd8 13. Rad1 Bf5 14. Be5 Bg4 15. Rxd8+ Rxd8 16. Bxc7 Rd2 17. Rc1 Be6 18. Bf4 1/2-1/2

[Event "NB2 Szechenyi csoport"]
[Site "Szombathely"]
[Date "2024.12.15"]
[Round "4.9"]
[White "Kulcsar, Tamas"]
[Black "Ratkai, Imre"]
[Result "0-1"]
[WhiteElo "1553"]
[BlackElo "1678"]
[PlyCount "66"]
[GameId "2123407503371413"]
[EventDate "2024.11.03"]
[EventType "team-tourn"]
[EventRounds "11"]
[EventCountry "HUN"]
[Source "chess.hu"]
[WhiteTeam "Arboretum Hereny SE"]
[BlackTeam "Haladas VSE"]
[WhiteTeamCountry "HUN"]
[BlackTeamCountry "HUN"]

1. e4 c5 2. Nf3 Nc6 3. d4 cxd4 4. Nxd4 e5 5. Nxc6 bxc6 6. Be2 Nf6 7. Nc3 h6 8. O-O Be7 9. h3 O-O 10. a3 Bb7 11. Bf3 d5 12. exd5 cxd5 13. Be2 d4 14. Na2 Qd5 15. f3 Bc5 16. Kh1 e4 17. c4 Qd7 18. f4 d3 19. b4 Bd4 20. Rb1 dxe2 21. Qxe2 Bb6 22. Rd1 Qe6 23. Nc3 Rad8 24. Re1 Rd3 25. c5 Rxc3 26. cxb6 axb6 27. Bb2 Rb3 28. Rbd1 e3 29. Kg1 Qf5 30. Be5 Rxa3 31. b5 Rfa8 32. g4 Qe4 33. Ra1 Qh1# 0-1

[Event "NB2 Szechenyi csoport"]
[Site "Szombathely"]
[Date "2024.12.15"]
[Round "4.10"]
[White "Bolla, Zsofia"]
[Black "Toro-Suga, Zora"]
[Result "1-0"]
[WhiteElo "1650"]
[BlackElo "1593"]
[PlyCount "65"]
[GameId "2123407574228133"]
[EventDate "2024.11.03"]
[EventType "team-tourn"]
[EventRounds "11"]
[EventCountry "HUN"]
[Source "chess.hu"]
[WhiteTeam "Haladas VSE"]
[BlackTeam "Arboretum Hereny SE"]
[WhiteTeamCountry "HUN"]
[BlackTeamCountry "HUN"]

1. e4 e5 2. Nf3 Nc6 3. d4 exd4 4. Nxd4 Nf6 5. Nxc6 bxc6 6. Bd3 d5 7. exd5 cxd5 8. O-O Be6 9. Re1 c6 10. Bf5 Qd7 11. Qe2 Ke7 12. Bd2 a5 13. b4 g6 14. Bxe6 Qxe6 15. Qd3 Ne4 16. f3 f5 17. fxe4 fxe4 18. Qd4 Rg8 19. Bg5+ Kd7 20. Nc3 Bg7 21. Qd2 axb4 22. Nxe4 Kc8 23. Nf6 Qf7 24. Nxg8 Bc3 25. Ne7+ Kb7 26. Qe2 Bd4+ 27. Kh1 Bxa1 28. Rxa1 Re8 29. Rf1 Qg7 30. Qg4 Ka6 31. Qxb4 Rf8 32. Rb1 Qf7 33. Qb6# 1-0

[Event "NB2 Szechenyi csoport"]
[Site "Szombathely"]
[Date "2024.12.15"]
[Round "4.11"]
[White "Bolla, Akos"]
[Black "Dorner, Ilona"]
[Result "0-1"]
[WhiteElo "1434"]
[BlackElo "1725"]
[PlyCount "54"]
[GameId "2123407615405237"]
[EventDate "2024.11.03"]
[EventType "team-tourn"]
[EventRounds "11"]
[EventCountry "HUN"]
[Source "chess.hu"]
[WhiteTeam "Arboretum Hereny SE"]
[BlackTeam "Haladas VSE"]
[WhiteTeamCountry "HUN"]
[BlackTeamCountry "HUN"]

1. e4 e5 2. Nf3 Nc6 3. d4 exd4 4. Nxd4 Nf6 5. Nxc6 bxc6 6. e5 Qe7 7. Qe2 Nd5 8. c4 Nb6 9. b3 d6 10. exd6 cxd6 11. Qxe7+ Bxe7 12. Bb2 O-O 13. Nc3 Re8 14. Ne2 Bg4 15. f3 Bh4+ 16. Kd1 Bh5 17. g3 Bxf3 18. Rg1 Bg5 19. Bd4 Be3 20. Bxe3 Rxe3 21. Kd2 Rae8 22. Nd4 Nd7 23. Nxf3 Rxf3 24. Bg2 Rf2+ 25. Kc3 c5 26. Rad1 Re3+ 27. Rd3 Ree2 0-1

[Event "NB2 Szechenyi csoport"]
[Site "Ajka"]
[Date "2024.12.15"]
[Round "4.1"]
[White "Smideliusz, Mark"]
[Black "Pasti, Zsombor"]
[Result "1-0"]
[WhiteElo "2168"]
[BlackElo "2141"]
[PlyCount "97"]
[GameId "2124448667308582"]
[EventDate "2024.11.03"]
[EventType "team-tourn"]
[EventRounds "11"]
[EventCountry "HUN"]
[Source "chess.hu"]
[WhiteTeam "Sarvari Sakk Club SE"]
[BlackTeam "Sentimento Ajka BSK"]
[WhiteTeamCountry "HUN"]
[BlackTeamCountry "HUN"]

1. e4 e5 2. Nf3 Nc6 3. Bb5 a6 4. Ba4 Nf6 5. O-O Be7 6. Re1 b5 7. Bb3 d6 8. c3 O-O 9. d4 exd4 10. cxd4 Bg4 11. Be3 Na5 12. Bc2 d5 13. e5 Ne4 14. Nbd2 Nxd2 15. Bxd2 Nc4 16. Bc1 f6 17. Qd3 g6 18. b3 fxe5 19. bxc4 e4 20. Qe3 Bxf3 21. gxf3 Rxf3 22. Qh6 Bf6 23. cxd5 Bxd4 24. Be3 Qf6 25. Rad1 Bxe3 26. Rxe3 Rxf2 27. Bxe4 Rf8 28. Qh3 Kh8 29. a3 Qb6 30. Kh1 Qf6 31. Rg1 Kg7 32. Qg3 Rf7 33. Bg2 Rd2 34. Rf3 Qd4 35. Rxf7+ Kxf7 36. Qxc7+ Kg8 37. Re1 Rd1 38. Qd8+ Kg7 39. Qe7+ Kh6 40. h3 Rd3 41. Qb4 Kg5 42. Rf1 h5 43. Qe7+ Kh6 44. Kh2 Rd2 45. Rf7 Rxg2+ 46. Kxg2 Qxd5+ 47. Kg3 Qd3+ 48. Rf3 h4+ 49. Qxh4+ 1-0

[Event "NB2 Szechenyi csoport"]
[Site "Ajka"]
[Date "2024.12.15"]
[Round "4.2"]
[White "Vass, Viktor"]
[Black "Odor, Istvan"]
[Result "1-0"]
[WhiteElo "2161"]
[BlackElo "2049"]
[PlyCount "53"]
[GameId "2124448703246902"]
[EventDate "2024.11.03"]
[EventType "team-tourn"]
[EventRounds "11"]
[EventCountry "HUN"]
[Source "chess.hu"]
[WhiteTeam "Sentimento Ajka BSK"]
[BlackTeam "Sarvari Sakk Club SE"]
[WhiteTeamCountry "HUN"]
[BlackTeamCountry "HUN"]

1. e4 c5 2. Nf3 Nc6 3. Nc3 g6 4. d4 cxd4 5. Nxd4 Bg7 6. Be3 Nf6 7. Be2 O-O 8. Nb3 d6 9. O-O a6 10. a4 Be6 11. f4 Bxb3 12. cxb3 Qa5 13. Bf3 Qb4 14. a5 Nxa5 15. Ra4 Qxb3 16. Rxa5 Qxb2 17. Qd3 Rac8 18. Ne2 Qb4 19. Ra3 Qc4 20. Qb1 Qc7 21. Rd1 Nd7 22. Bg4 Ra8 23. e5 Nc5 24. Nc3 Rfe8 25. Nd5 Qb8 26. Qb6 e6 27. Bxc5 1-0

[Event "NB2 Szechenyi csoport"]
[Site "Ajka"]
[Date "2024.12.15"]
[Round "4.3"]
[White "Balka, Richard"]
[Black "Kosztolanczi, Gyula"]
[Result "1-0"]
[WhiteElo "2054"]
[BlackElo "2026"]
[PlyCount "143"]
[GameId "2124448741159494"]
[EventDate "2024.11.03"]
[EventType "team-tourn"]
[EventRounds "11"]
[EventCountry "HUN"]
[Source "chess.hu"]
[WhiteTeam "Sarvari Sakk Club SE"]
[BlackTeam "Sentimento Ajka BSK"]
[WhiteTeamCountry "HUN"]
[BlackTeamCountry "HUN"]

1. e4 d5 2. exd5 Qxd5 3. Nc3 Qd6 4. d4 Nf6 5. Nf3 a6 6. g3 Bg4 7. h3 Bh5 8. Bg2 Nc6 9. g4 Bg6 10. Be3 O-O-O 11. O-O e5 12. dxe5 Nxe5 13. Nxe5 Qxe5 14. Qf3 c6 15. Bf4 Qc5 16. b4 Qa7 17. b5 axb5 18. a4 b4 19. Nb5 Qc5 20. Be3 Qc4 21. Rfd1 Be7 22. Na7+ Kb8 23. Qg3+ Ka8 24. Qc7 Nd5 25. Bxd5 cxd5 26. Qxe7 h5 27. g5 Qh4 28. Nb5 Qxh3 29. Qc5 Qg4+ 30. Kf1 Qc4+ 31. Qxc4 dxc4 32. Nd4 Be4 33. f3 Bg6 34. Kf2 h4 35. Rh1 Rd5 36. a5 h3 37. Ra4 Rhd8 38. Rxb4 Rxd4 39. Bxd4 Rxd4 40. Ke3 Rh4 41. c3 Bf5 42. Rh2 Be6 43. Rb6 g6 44. Kf2 Rh5 45. Rb5 Bf5 46. f4 Rh8 47. Rc5 Be6 48. Re5 Rd8 49. Rxe6 fxe6 50. Rxh3 Rd2+ 51. Ke1 Ra2 52. Re3 Ra1+ 53. Ke2 Ra2+ 54. Ke1 Rc2 55. Rxe6 Rxc3 56. Rxg6 Rf3 57. Rf6 c3 58. Kd1 Kb8 59. g6 Kc7 60. f5 Rg3 61. Rf7+ Kd6 62. g7 Ke5 63. f6 Kd4 64. Rd7+ Kc4 65. Rc7+ Kd3 66. Rd7+ Kc4 67. Rxb7 Rg1+ 68. Ke2 c2 69. Rc7+ Kb3 70. Rxc2 Kxc2 71. f7 Rxg7 72. f8=Q 1-0

[Event "NB2 Szechenyi csoport"]
[Site "Ajka"]
[Date "2024.12.15"]
[Round "4.4"]
[White "Paksa, Rudolf"]
[Black "Ongai, Erik"]
[Result "0-1"]
[WhiteElo "2034"]
[BlackElo "2073"]
[PlyCount "34"]
[GameId "2124448772493910"]
[EventDate "2024.11.03"]
[EventType "team-tourn"]
[EventRounds "11"]
[EventCountry "HUN"]
[Source "chess.hu"]
[WhiteTeam "Sentimento Ajka BSK"]
[BlackTeam "Sarvari Sakk Club SE"]
[WhiteTeamCountry "HUN"]
[BlackTeamCountry "HUN"]

1. e4 c5 2. Nf3 d6 3. d4 cxd4 4. Nxd4 Nf6 5. Nc3 a6 6. Bc4 e6 7. Bb3 b5 8. O-O b4 9. Na4 Nxe4 10. Re1 d5 11. Bf4 Bd7 12. f3 Nf6 13. Nf5 Qa5 14. c3 bxc3 15. bxc3 Bxa4 16. Bxa4+ Nbd7 17. Nd6+ Bxd6 0-1

[Event "NB2 Szechenyi csoport"]
[Site "Ajka"]
[Date "2024.12.15"]
[Round "4.5"]
[White "Zsiros, Gyorgy"]
[Black "Kishazi, Istvan"]
[Result "1/2-1/2"]
[WhiteElo "1994"]
[BlackElo "1917"]
[PlyCount "52"]
[GameId "2124448805327462"]
[EventDate "2024.11.03"]
[EventType "team-tourn"]
[EventRounds "11"]
[EventCountry "HUN"]
[Source "chess.hu"]
[WhiteTeam "Sarvari Sakk Club SE"]
[BlackTeam "Sentimento Ajka BSK"]
[WhiteTeamCountry "HUN"]
[BlackTeamCountry "HUN"]

1. b3 e5 2. Bb2 Nc6 3. e3 Nf6 4. Bb5 a6 5. Bxc6 dxc6 6. Bxe5 Qd5 7. Nf3 Bd6 8. c4 Qa5 9. Bxd6 cxd6 10. h3 Bf5 11. O-O Bd3 12. Re1 O-O-O 13. Nc3 Rde8 14. Nd4 Qg5 15. Qf3 Qe5 16. Rac1 g5 17. Qg3 h5 18. Nf3 Qxg3 19. fxg3 g4 20. Ng5 Re7 21. e4 Rg8 22. h4 Nd7 23. Re3 Ne5 24. Nd1 f6 25. Nh7 Rxh7 26. Nf2 Bxc4 1/2-1/2

[Event "NB2 Szechenyi csoport"]
[Site "Ajka"]
[Date "2024.12.15"]
[Round "4.6"]
[White "Kariko, Lajos"]
[Black "Szep, Milan"]
[Result "0-1"]
[WhiteElo "1911"]
[BlackElo "1987"]
[PlyCount "66"]
[GameId "2124448838603384"]
[EventDate "2024.11.03"]
[EventType "team-tourn"]
[EventRounds "11"]
[EventCountry "HUN"]
[Source "chess.hu"]
[WhiteTeam "Sentimento Ajka BSK"]
[BlackTeam "Sarvari Sakk Club SE"]
[WhiteTeamCountry "HUN"]
[BlackTeamCountry "HUN"]

1. e4 e6 2. e5 d6 3. exd6 Bxd6 4. d4 b6 5. Nf3 Bb7 6. g3 Nc6 7. Bg2 Qd7 8. Be3 O-O-O 9. c3 h6 10. Nbd2 g5 11. Nc4 f5 12. Qe2 Qg7 13. Rg1 Nf6 14. O-O-O Rhe8 15. Nfe5 Nd5 16. f4 Kb8 17. Nxc6+ Bxc6 18. Ne5 Bxe5 19. dxe5 Bb7 20. Rd2 gxf4 21. gxf4 Nxe3 22. Rxd8+ Rxd8 23. Qxe3 Rg8 24. Qf2 Bxg2 25. Kd2 Qg4 26. h4 Qh3 27. Ke1 Rg3 28. h5 Re3+ 29. Kd2 Rd3+ 30. Ke1 Be4 31. Rg8+ Kb7 32. Qg1 Qxh5 33. Qg7 Rd1+ 0-1

[Event "NB2 Szechenyi csoport"]
[Site "Ajka"]
[Date "2024.12.15"]
[Round "4.7"]
[White "Szokolszky, Miklos"]
[Black "Bauer, Attila"]
[Result "1/2-1/2"]
[WhiteElo "1954"]
[BlackElo "1862"]
[PlyCount "40"]
[GameId "2124448877601418"]
[EventDate "2024.11.03"]
[EventType "team-tourn"]
[EventRounds "11"]
[EventCountry "HUN"]
[Source "chess.hu"]
[WhiteTeam "Sarvari Sakk Club SE"]
[BlackTeam "Sentimento Ajka BSK"]
[WhiteTeamCountry "HUN"]
[BlackTeamCountry "HUN"]

1. e4 e6 2. d4 d5 3. exd5 exd5 4. Bd3 Bd6 5. Nf3 Nf6 6. Bg5 O-O 7. O-O Bg4 8. Re1 Nbd7 9. h3 Bxf3 10. Qxf3 h6 11. Bh4 c6 12. c3 Qc7 13. Nd2 Rae8 14. Nf1 Rxe1 15. Rxe1 Re8 16. Rxe8+ Nxe8 17. Ne3 Nf8 18. Nf5 Ng6 19. Qg4 Nxh4 20. Qxh4 Bf4 1/2-1/2

[Event "NB2 Szechenyi csoport"]
[Site "Ajka"]
[Date "2024.12.15"]
[Round "4.8"]
[White "Lejer, Sandor"]
[Black "Salamon, Joachim"]
[Result "1/2-1/2"]
[WhiteElo "1896"]
[BlackElo "1913"]
[PlyCount "22"]
[GameId "2124448907039386"]
[EventDate "2024.11.03"]
[EventType "team-tourn"]
[EventRounds "11"]
[EventCountry "HUN"]
[Source "chess.hu"]
[WhiteTeam "Sentimento Ajka BSK"]
[BlackTeam "Sarvari Sakk Club SE"]
[WhiteTeamCountry "HUN"]
[BlackTeamCountry "HUN"]

1. Nf3 d5 2. d4 Nf6 3. c4 e6 4. Nc3 c6 5. e3 Bd6 6. Bd3 Nbd7 7. O-O O-O 8. h3 Qe7 9. Qb3 dxc4 10. Bxc4 h6 11. e4 e5 1/2-1/2

[Event "NB2 Szechenyi csoport"]
[Site "Ajka"]
[Date "2024.12.15"]
[Round "4.11"]
[White "Gal, Cintia"]
[Black "Horvath, Matyas Sandor"]
[Result "1/2-1/2"]
[WhiteElo "1819"]
[BlackElo "1820"]
[PlyCount "160"]
[GameId "2124449008030412"]
[EventDate "2024.11.03"]
[EventType "team-tourn"]
[EventRounds "11"]
[EventCountry "HUN"]
[Source "chess.hu"]
[WhiteTeam "Sarvari Sakk Club SE"]
[BlackTeam "Sentimento Ajka BSK"]
[WhiteTeamCountry "HUN"]
[BlackTeamCountry "HUN"]

1. e4 c5 2. Nf3 Nc6 3. Be2 g6 4. O-O Bg7 5. c3 e5 6. d3 Nge7 7. Ng5 O-O 8. f4 h6 9. Nf3 d6 10. Be3 f5 11. Qd2 Kh7 12. fxe5 Nxe5 13. Nxe5 dxe5 14. exf5 Bxf5 15. Bxc5 Qc7 16. Bf2 Rfd8 17. Re1 Qd7 18. Rd1 Nc6 19. Na3 Bg4 20. Nc4 Be6 21. Ne3 Qf7 22. Rf1 Qe7 23. a3 Rd7 24. Qc2 Rc8 25. Bg4 Nd4 26. Qd1 Bxg4 27. Qxg4 Ne6 28. Rad1 Rf8 29. Bh4 Rxf1+ 30. Rxf1 Qc5 31. Bf2 Qc6 32. Rd1 Nf4 33. d4 exd4 34. cxd4 Rxd4 35. Rf1 Nd3 36. Qe2 Nxf2 37. Qxf2 Qe6 38. Kh1 Re4 39. Nd1 Qf6 40. Qxf6 Bxf6 41. Kg1 Bd4+ 42. Kh1 Kg7 43. Nc3 Bxc3 44. bxc3 Re2 45. Rb1 b6 46. h3 Re3 47. Rc1 Kf6 48. Kg1 Re2 49. Rb1 Rc2 50. Rf1+ Ke5 51. Re1+ Kd6 52. Rf1 Re2 53. Rf6+ Re6 54. Rf7 a5 55. Kf2 Kc5 56. Rf4 b5 57. h4 Re5 58. Rg4 g5 59. hxg5 hxg5 60. Kf1 Kd5 61. Kf2 Ke6 62. a4 bxa4 63. Rxa4 Kd6 64. Kf3 Kc6 65. c4 Kb6 66. g4 Re1 67. Ra3 Rc1 68. Rb3+ Ka6 69. Rb5 Rc3+ 70. Ke2 Rxc4 71. Rxg5 a4 72. Kd3 Rf4 73. Kc3 Rf3+ 74. Kb2 Kb6 75. Rf5 Rg3 76. g5 Kc6 77. Ra5 Rb3+ 78. Ka2 Rg3 79. g6 Kb6 80. Rxa4 Rxg6 1/2-1/2

[Event "NB2 Szechenyi csoport"]
[Site "Ajka"]
[Date "2024.12.15"]
[Round "4.12"]
[White "Vincze, Otto"]
[Black "Papp, Csongor"]
[Result "1-0"]
[WhiteElo "1787"]
[BlackElo "1771"]
[PlyCount "70"]
[GameId "2124449050878684"]
[EventDate "2024.11.03"]
[EventType "team-tourn"]
[EventRounds "11"]
[EventCountry "HUN"]
[Source "chess.hu"]
[WhiteTeam "Sentimento Ajka BSK"]
[BlackTeam "Sarvari Sakk Club SE"]
[WhiteTeamCountry "HUN"]
[BlackTeamCountry "HUN"]

1. e4 d6 2. d4 Nf6 3. Nc3 g6 4. Nf3 Bg7 5. Be2 Nc6 6. h3 O-O 7. Be3 a6 8. O-O e5 9. d5 Ne7 10. Qd2 Ne8 11. Nh2 f5 12. f3 f4 13. Bf2 g5 14. Rac1 Ng6 15. Nb1 h5 16. c4 Bh6 17. Qb4 Nf6 18. Nd2 Rf7 19. c5 Kg7 20. cxd6 cxd6 21. Bb6 Qf8 22. Rc2 Nd7 23. Bc7 Rf6 24. Nc4 b5 25. Nxd6 a5 26. Qxb5 Rxd6 27. Bxd6 Qxd6 28. Rc6 Qb8 29. Qxb8 Rxb8 30. b3 Ne7 31. Rc7 Rb7 32. Rfc1 Rb6 33. Rxc8 Nxc8 34. Rxc8 Rb8 35. Rc7 Rd8 1-0

[Event "NB2 Szechenyi csoport"]
[Site "Tapolca"]
[Date "2024.12.15"]
[Round "4.1"]
[White "Jonas, Zsolt"]
[Black "Heiligermann, Gabor"]
[Result "1-0"]
[WhiteElo "2046"]
[BlackElo "1975"]
[PlyCount "63"]
[GameId "2124062499140397"]
[EventDate "2024.11.03"]
[EventType "team-tourn"]
[EventRounds "11"]
[EventCountry "HUN"]
[Source "chess.hu"]
[WhiteTeam "Ezust Huszar SE"]
[BlackTeam "Tapolca VSE II."]
[WhiteTeamCountry "HUN"]
[BlackTeamCountry "HUN"]

1. e4 c5 2. Nf3 Nc6 3. d4 cxd4 4. Nxd4 Nf6 5. Nc3 e5 6. Ndb5 d6 7. Bg5 a6 8. Na3 Be6 9. Nc4 Rc8 10. Ne3 Nd4 11. Bd3 Be7 12. Bxf6 Bxf6 13. O-O Bg5 14. Ncd5 O-O 15. c3 Bxe3 16. Nxe3 Nc6 17. Kh1 Ne7 18. f4 exf4 19. Rxf4 Ng6 20. Rf2 Qb6 21. Qe2 Ne5 22. a3 Rfd8 23. Raf1 f6 24. Bb1 Qb3 25. Rd1 d5 26. exd5 Bxd5 27. Bc2 Qa2 28. Nxd5 Rxd5 29. Bxh7+ Kf8 30. Rxd5 Qxd5 31. Be4 Qe6 32. Bf5 1-0

[Event "NB2 Szechenyi csoport"]
[Site "Tapolca"]
[Date "2024.12.15"]
[Round "4.2"]
[White "Domonkos, Tamas"]
[Black "Hegedus, Gyula"]
[Result "0-1"]
[WhiteElo "1942"]
[BlackElo "2016"]
[PlyCount "84"]
[GameId "2124062550958919"]
[EventDate "2024.11.03"]
[EventType "team-tourn"]
[EventRounds "11"]
[EventCountry "HUN"]
[Source "chess.hu"]
[WhiteTeam "Tapolca VSE II."]
[BlackTeam "Ezust Huszar SE"]
[WhiteTeamCountry "HUN"]
[BlackTeamCountry "HUN"]

1. c4 d6 2. Nc3 e5 3. d3 Nf6 4. g3 Be7 5. Bg2 c6 6. Nf3 O-O 7. O-O Re8 8. a3 a5 9. e4 Bg4 10. h3 Bh5 11. Be3 Bf8 12. Qc2 Na6 13. Na4 Nd7 14. Rac1 Rc8 15. Qd2 Ndc5 16. Nxc5 dxc5 17. Nh4 f6 18. g4 Bf7 19. Nf5 Rc7 20. Qxa5 Rd7 21. Qxd8 Rexd8 22. Rfd1 Rxd3 23. Bf3 Rxd1+ 24. Bxd1 Bxc4 25. Rxc4 Rxd1+ 26. Kg2 b5 27. Rc2 c4 28. Rd2 Rxd2 29. Bxd2 Nc5 30. f3 Nd3 31. a4 bxa4 32. Bc3 Bc5 33. h4 g6 34. Ng3 Bd4 35. Ne2 Bxc3 36. Nxc3 Nxb2 37. Kf1 a3 38. Ke2 Na4 39. Na2 Kf7 40. Ke3 Ke6 41. f4 exf4+ 42. Kxf4 h6 0-1

[Event "NB2 Szechenyi csoport"]
[Site "Tapolca"]
[Date "2024.12.15"]
[Round "4.3"]
[White "Domonkos, Daniel"]
[Black "Simo, Judit"]
[Result "1/2-1/2"]
[WhiteElo "1994"]
[BlackElo "1871"]
[PlyCount "90"]
[GameId "2124062604223319"]
[EventDate "2024.11.03"]
[EventType "team-tourn"]
[EventRounds "11"]
[EventCountry "HUN"]
[Source "chess.hu"]
[WhiteTeam "Ezust Huszar SE"]
[BlackTeam "Tapolca VSE II."]
[WhiteTeamCountry "HUN"]
[BlackTeamCountry "HUN"]

1. d4 Nf6 2. c4 e6 3. Nc3 Bb4 4. Bd2 Bxc3 5. Bxc3 Ne4 6. Qc2 d5 7. e3 Nd7 8. Nf3 O-O 9. Bb4 Re8 10. Bd3 Ndf6 11. Rc1 c6 12. Ne5 Qb6 13. Qa4 c5 14. Ba3 cxd4 15. c5 Qc7 16. exd4 Nd7 17. Bxe4 dxe4 18. O-O Rd8 19. Rfd1 Nxe5 20. dxe5 Bd7 21. Qxe4 Bc6 22. Qh4 Rd5 23. Rxd5 Bxd5 24. Qg3 Bxa2 25. h4 Rd8 26. h5 h6 27. b4 a6 28. Ra1 Bd5 29. Bc1 Kh7 30. Be3 Qc6 31. Rd1 Qc7 32. Rd4 Rg8 33. Rg4 Qe7 34. Bf4 Bc6 35. Qd3+ Kh8 36. Qe3 Kh7 37. Bg3 Bd5 38. Bh4 Qe8 39. Rf4 Qd7 40. Kh2 Qe8 41. g4 g5 42. Rf6 Rg7 43. Bg3 Qb5 44. Qe1 Qc4 45. Kh3 Qd3 1/2-1/2

[Event "NB2 Szechenyi csoport"]
[Site "Tapolca"]
[Date "2024.12.15"]
[Round "4.4"]
[White "Horvath, Lajos"]
[Black "Domonkos, Andras"]
[Result "0-1"]
[WhiteElo "1782"]
[BlackElo "1982"]
[PlyCount "88"]
[GameId "2124062647772007"]
[EventDate "2024.11.03"]
[EventType "team-tourn"]
[EventRounds "11"]
[EventCountry "HUN"]
[Source "chess.hu"]
[WhiteTeam "Tapolca VSE II."]
[BlackTeam "Ezust Huszar SE"]
[WhiteTeamCountry "HUN"]
[BlackTeamCountry "HUN"]

1. e4 c5 2. d4 cxd4 3. c3 dxc3 4. Nxc3 Nc6 5. Bc4 e6 6. Nf3 a6 7. a3 b5 8. Ba2 Bc5 9. O-O Nge7 10. b4 Bb6 11. Bb2 Ng6 12. Ne2 O-O 13. Ng3 f6 14. Rc1 Qe7 15. Nf5 Qe8 16. Nd6 Qe7 17. Kh1 Kh8 18. Qd2 Bc7 19. Nxc8 Raxc8 20. Rfd1 Bf4 21. Qe2 Bxc1 22. Bxc1 d5 23. Be3 d4 24. Nxd4 Nxd4 25. Bxd4 Rfd8 26. h3 e5 27. Bc5 Rxd1+ 28. Qxd1 Qd8 29. Qg4 Nf4 30. Bd5 Nd3 31. Qe6 Nxc5 32. bxc5 Rxc5 33. Qxa6 Qb8 34. Qa5 f5 35. f3 f4 36. Qb4 Qb6 37. Kh2 Rc8 38. a4 Qf2 39. Qa3 b4 40. Qa1 Rc2 41. Qg1 Qxf3 42. Be6 b3 43. Bg4 Qg3+ 44. Kh1 b2 0-1

[Event "NB2 Szechenyi csoport"]
[Site "Tapolca"]
[Date "2024.12.15"]
[Round "4.5"]
[White "Nyoger, Istvan"]
[Black "Szoke, Kristof"]
[Result "1/2-1/2"]
[WhiteElo "1901"]
[BlackElo "1783"]
[PlyCount "131"]
[GameId "2124062685442935"]
[EventDate "2024.11.03"]
[EventType "team-tourn"]
[EventRounds "11"]
[EventCountry "HUN"]
[Source "chess.hu"]
[WhiteTeam "Ezust Huszar SE"]
[BlackTeam "Tapolca VSE II."]
[WhiteTeamCountry "HUN"]
[BlackTeamCountry "HUN"]

1. c4 Nf6 2. Nc3 e6 3. e4 Bb4 4. e5 Bxc3 5. bxc3 Ng8 6. Qg4 g6 7. d4 Ne7 8. Bh6 c5 9. Bd3 Qa5 10. Bd2 Nbc6 11. f4 cxd4 12. cxd4 Qa3 13. Be4 Nxd4 14. Qg3 Qxg3+ 15. hxg3 Nec6 16. Ne2 Nxe2 17. Kxe2 b6 18. Bb4 Ba6 19. Rac1 Rc8 20. Bd2 Ke7 21. Rh6 Rcg8 22. Bd3 Nd4+ 23. Kf2 Rc8 24. Bb4+ Ke8 25. Rch1 d5 26. exd6 Bxc4 27. Bc3 Rg8 28. Rd1 Nf5 29. Bxf5 Bd5 30. d7+ Kxd7 31. Rxd5+ Ke8 32. Bxe6 Rxc3 33. Bxf7+ Kxf7 34. Rxh7+ Ke6 35. Re5+ Kf6 36. Rxa7 g5 37. Rae7 gxf4 38. R7e6+ Kf7 39. gxf4 Rcg3 40. a4 Rxg2+ 41. Ke3 Ra2 42. Rxb6 Rg3+ 43. Ke4 Rxa4+ 44. Kf5 Ra7 45. Rh6 Kg7 46. Rh5 Rf7+ 47. Ke4 Ra7 48. Rd5 Re7+ 49. Rhe5 Kf7 50. Kf5 Rxe5+ 51. fxe5 Rf3+ 52. Ke4 Rf1 53. Ra5 Ke6 54. Ra6+ Ke7 55. Rd6 Re1+ 56. Kd5 Rd1+ 57. Kc6 Rc1+ 58. Kd5 Rd1+ 59. Kc4 Rxd6 60. exd6+ Kd8 61. Kb5 Kd7 62. Kc5 Kd8 63. Kd4 Kd7 64. Ke5 Kd8 65. Ke6 Ke8 66. d7+ 1/2-1/2

[Event "NB2 Szechenyi csoport"]
[Site "Tapolca"]
[Date "2024.12.15"]
[Round "4.6"]
[White "Torok, Gyula"]
[Black "Matyi, Attila"]
[Result "0-1"]
[WhiteElo "1500"]
[BlackElo "1886"]
[PlyCount "72"]
[GameId "2124063215903633"]
[EventDate "2024.11.03"]
[EventType "team-tourn"]
[EventRounds "11"]
[EventCountry "HUN"]
[Source "chess.hu"]
[WhiteTeam "Tapolca VSE II."]
[BlackTeam "Ezust Huszar SE"]
[WhiteTeamCountry "HUN"]
[BlackTeamCountry "HUN"]

1. d4 Nf6 2. Nf3 g6 3. g3 Bg7 4. Bg2 O-O 5. c4 d6 6. O-O Nbd7 7. Nc3 c6 8. Bf4 Re8 9. e4 Nh5 10. Qd2 Nxf4 11. Qxf4 e5 12. dxe5 dxe5 13. Qd2 Qe7 14. Rad1 Bf8 15. Rfe1 a5 16. a3 Nc5 17. Qc2 a4 18. Nd2 Bg4 19. f3 Be6 20. b4 axb3 21. Nxb3 Nxb3 22. Qxb3 Rxa3 23. Qb2 Bxc4 24. Bf1 Qc5+ 25. Kh1 Bxf1 26. Rxf1 Qxc3 27. Qxb7 Ra2 28. Qd7 Qc2 29. Qh3 Rb8 30. Rc1 Qe2 31. Rce1 Qa6 32. Rb1 Rxb1 33. Rxb1 Qe2 34. Rf1 c5 35. f4 Qxe4+ 36. Kg1 c4 0-1